| 000 | 00514cam a2200193ua 4500 | ||
|---|---|---|---|
| 020 | _cRs 51.00 | ||
| 041 |
_aeng _h |
||
| 082 |
_a519.72 _bLOO/LI |
||
| 100 | _aLoomba, Paul N . | ||
| 245 |
_aLinear programming: An introductory analysis / _cN Paul Loomba. _hTextual Documents |
||
| 250 |
_a1 / _b. |
||
| 260 |
_aNew Delhi : _bTata Mc-Graw Hill Publishing Company , _c1989. |
||
| 300 | _a284 ; . | ||
| 365 | _aRs 51.00 | ||
| 504 | _a | ||
| 942 | _cBK | ||
| 999 |
_c1966 _d1966 |
||